000
00313nam a22001337a 4500
008
180921b xxu||||| |||| 00| 0 eng d
020
_a
9780781736909
041
_a
eng
080
_a
610.73
100
_a
3
101
_a
NUR
245
_a
Introductiory Maternity Pediatric Nursing
_c
Jayne.N
942
_2
udc
_c
BK
999
_c
48201
_d
48201